<?xml version="1.0" encoding="UTF-8"?>
<collection xmlns="http://www.loc.gov/MARC21/slim">
 <record>
  <leader>00621nab a2200181 i 4500</leader>
  <controlfield tag="001">misc1791</controlfield>
  <controlfield tag="005">20191106142012.0</controlfield>
  <controlfield tag="008">170607s1939    hu      o     0||   hun d</controlfield>
  <datafield tag="040" ind1=" " ind2=" ">
   <subfield code="a">SZTE Miscellanea Repozitórium</subfield>
   <subfield code="b">hun</subfield>
  </datafield>
  <datafield tag="041" ind1=" " ind2=" ">
   <subfield code="a">hun</subfield>
  </datafield>
  <datafield tag="100" ind1="2" ind2=" ">
   <subfield code="a">A. Herczegh Ilona</subfield>
  </datafield>
  <datafield tag="245" ind1="1" ind2="0">
   <subfield code="a">Hang és fény</subfield>
   <subfield code="h">[elektronikus dokumentum] /</subfield>
   <subfield code="c"> A. Herczegh Ilona</subfield>
  </datafield>
  <datafield tag="260" ind1=" " ind2=" ">
   <subfield code="c">1939</subfield>
  </datafield>
  <datafield tag="300" ind1=" " ind2=" ">
   <subfield code="a">260-263</subfield>
  </datafield>
  <datafield tag="490" ind1="0" ind2=" ">
   <subfield code="a">Magyar lélek : a magyar népművelők országos folyóirata</subfield>
   <subfield code="v">1 No. 3</subfield>
  </datafield>
  <datafield tag="695" ind1=" " ind2=" ">
   <subfield code="a">Néprajztudomány</subfield>
  </datafield>
  <datafield tag="700" ind1="0" ind2="1">
   <subfield code="a">Bojtor Lajos</subfield>
   <subfield code="e">aut</subfield>
  </datafield>
  <datafield tag="856" ind1="4" ind2="0">
   <subfield code="u">http://misc.bibl.u-szeged.hu/1791/1/magyar_lelek_001_003_260-263.pdf</subfield>
   <subfield code="z">Dokumentum-elérés </subfield>
  </datafield>
 </record>
</collection>
